ARMCO A-2000 PVC sewer pipe
Enregistré dans:
| Format: | Livre |
|---|---|
| Langue: | English |
| Publié: |
Middletown, Ohio : Tredemarks of Armco
2000
|
| Tags: |
Ajouter un tag
Pas de tags, Soyez le premier à ajouter un tag!
|
MARC
| LEADER | 00000nam a2200000Ia 4500 | ||
|---|---|---|---|
| 003 | MV0090 | ||
| 005 | 20221231143950.0 | ||
| 008 | 140114s2000 us a 000 ||eng d | ||
| 040 | |c cru CEDI | ||
| 090 | |a MV 90 | ||
| 245 | |a ARMCO A-2000 PVC sewer pipe | ||
| 260 | |a Middletown, Ohio : Tredemarks of Armco |c 2000 | ||
| 300 | |a 11 páginas :ilustraciones a color | ||
| 942 | |c MX | ||
| 999 | |c 14908 |d 14908 | ||
